Normal view
MARC view
Entry Personal Name
001 - CONTROL NUMBER
- control field: 1237125
003 - CONTROL NUMBER IDENTIFIER
- control field: OSt
005 - DATE AND TIME OF LATEST TRANSACTION
- control field: 20260430150320.0
008 - FIXED-LENGTH DATA ELEMENTS
- fixed length control field: 260430|| aca||aabn | a|a d
040 ## - CATALOGING SOURCE
- Original cataloging agency: OSt
- Transcribing agency: OSt
100 ## - HEADING--PERSONAL NAME
- Personal name: Asar Ahmed Au.; Mohammad Naimuddin Gu
670 ## - SOURCE DATA FOUND
- Source citation: Work cat.: (OSt)1849492: Asar Ahmed Au.; Mohammad Naimuddin Gu., Development of GEM Detectors for the CMS Experiment and its Application to Imaging, and Vector Boson Scattering Measurements at LHC Energies, 2022
